000 00628nam a2200265Ia 4500
001 Z_5622
003 CHAP
008 220113s199? xx 000 0 und d
010 _a168720
040 _cCHAP
090 _aFolleto 730
245 _aCultivo de tilapia
264 _c199?
300 _apag. varia
500 _aEs una compilación de artículos relacionados con la cría y manejo de Tilapia.
503 _afotocopías
650 _aPiscicultura
_988531
650 _aTilapia
_xMéxico
_9142545
901 _aFOLLETO 730
902 _aA
910 _a199?
942 _cc14
942 _cc14
999 _c168720
_d168720